Capitales d'Indochine - Statistiques

Statistiques générales
  • Ce quiz a été pris 59 fois
  • Le résultat moyen est 5 sur 7
Statistiques - réponses
Capitales % Correct
Hanoi
89%
Bangkok
85%
Vientiane
81%
Phnom Penh
74%
Kuala Lumpur
61%
Singapour
57%
Naypyidaw
46%
Aucun quiz correspondant
Distribution des résultats
% des personnes avec chaque résultat
Percentile par nombre de réponses
Votre historique - résultats
Vous n’avez pas pris ce quiz